A drop of water : (Record no. 672)

MARC details
000 -LEADER
fixed length control field 00842nam a22002657a 4500
005 - DATE AND TIME OF LATEST TRANSACTION
control field 20251205082137.0
020 ## - INTERNATIONAL STANDARD BOOK NUMBER
International Standard Book Number 0590221973
040 ## - CATALOGING SOURCE
Original cataloging agency DLC
Transcribing agency DLC
Modifying agency DLC
Language of cataloging eng
050 00 - LIBRARY OF CONGRESS CALL NUMBER
Classification number GB662.3
Item number .W53 1997
082 00 - DEWEY DECIMAL CLASSIFICATION NUMBER
Classification number 546/.22
Edition number 20
100 1# - MAIN ENTRY--PERSONAL NAME
Personal name Wick, Walter,
Dates associated with a name 1953-
245 12 - TITLE STATEMENT
Title A drop of water :
Remainder of title a book of science and wonder /
Statement of responsibility, etc. written and photographed by Walter Wick.
250 ## - EDITION STATEMENT
Edition statement First Scholastic printing, October 1998
260 ## - PUBLICATION, DISTRIBUTION, ETC.
Place of publication, distribution, etc. New York :
Name of publisher, distributor, etc. Scholastic,
Date of publication, distribution, etc. 1997.
300 ## - PHYSICAL DESCRIPTION
Extent 40 pages :
Other physical details color illustrations ;
Dimensions 29 cm
505 ## - FORMATTED CONTENTS NOTE
Formatted contents note Q <br/>
520 ## - SUMMARY, ETC.
Summary, etc. Describes the origins, characteristics, and uses of water.
521 ## - TARGET AUDIENCE NOTE
Target audience note 870 <br/>
Source lexile <br/>
521 ## - TARGET AUDIENCE NOTE
Target audience note W<br/><br/>
Source Raz-Plus <br/>
650 #0 - SUBJECT ADDED ENTRY--TOPICAL TERM
Topical term or geographic name entry element Water
General subdivision Juvenile literature.
650 #1 - SUBJECT ADDED ENTRY--TOPICAL TERM
Topical term or geographic name entry element Water.
906 ## - LOCAL DATA ELEMENT F, LDF (RLIN)
a 7
b cbc
c orignew
d 1
e ocip
f 19
g y-gencatlg
942 ## - ADDED ENTRY ELEMENTS (KOHA)
Source of classification or shelving scheme Dewey Decimal Classification
Koha item type Books
Suppress in OPAC No
999 ## -
-- 672
-- 672
Holdings
Withdrawn status Lost status Source of classification or shelving scheme Damaged status Not for loan Collection Home library Current library Shelving location Date acquired Total Checkouts Full call number Barcode Date last seen Copy number Price effective from Koha item type
    Dewey Decimal Classification     Non-Fiction Footprints International School Library Network Toul Kork Campus Footprints International School Library Network Toul Kork Campus A TK Campus, 4th Floor, Room B401, Non-Fiction Bookcases(7-8) 06/29/2023   WIC 546/.22 GB662.W53 FISTK00720 09/28/2023 1 06/29/2023 Books
    Dewey Decimal Classification     Non-Fiction Footprints International School Library Network Toul Kork Campus Footprints International School Library Network Toul Kork Campus A TK Campus, 4th Floor, Room B401, Non-Fiction Bookcases(7-8) 06/29/2023   WIC 546/.22 GB662.W53 FISTK02128 12/05/2025 2 06/29/2023 Books
    Dewey Decimal Classification     Non-Fiction Footprints International School Library Network Toul Tom Poung Campus Footprints International School Library Network Toul Tom Poung Campus TTP Secondary Non-Fiction Bookshelves 12/05/2025   WIC 546/.22 GB662.W53 FIS04655 12/05/2025 3 12/05/2025 Books
    Dewey Decimal Classification     Non-Fiction Footprints International School Library Network Toul Tom Poung Campus Footprints International School Library Network Toul Tom Poung Campus TTP Secondary Non-Fiction Bookshelves 12/05/2025   WIC 546/.22 GB662.W53 2025-5024 12/05/2025 4 12/05/2025 Books